Peaks and valleys : (Record no. 22430)
[ view plain ]
| 000 -LEADER | |
|---|---|
| fixed length control field | 01278nam a2200217 a 4500 |
| 005 - DATE AND TIME OF LATEST TRANSACTION | |
| control field | 20140310183407.0 |
| 008 - FIXED-LENGTH DATA ELEMENTS--GENERAL INFORMATION | |
| fixed length control field | 121018s19uu xx 00 eng d |
| 020 ## - INTERNATIONAL STANDARD BOOK NUMBER | |
| International Standard Book Number | 9781439103258 |
| 050 ## - LIBRARY OF CONGRESS CALL NUMBER | |
| Classification number | HF 5386 |
| Item number | .J644 2009 |
| 100 ## - MAIN ENTRY--PERSONAL NAME | |
| Personal name | Johnson, Spencer |
| 245 ## - TITLE STATEMENT | |
| Title | Peaks and valleys : |
| Remainder of title | making good and bad times work for you - at work and in life / |
| Statement of responsibility, etc | Spencer Johnson. |
| 260 ## - PUBLICATION, DISTRIBUTION, ETC. (IMPRINT) | |
| Place of publication, distribution, etc | New York, United States : |
| Name of publisher, distributor, etc | Atria Books, |
| Date of publication, distribution, etc | 2009. |
| 300 ## - PHYSICAL DESCRIPTION | |
| Extent | 103 p. : |
| Dimensions | 23 cm. |
| 500 ## - GENERAL NOTE | |
| General note | Includes bibliographical references and index |
| 520 ## - SUMMARY, ETC. | |
| Summary, etc | A story of a young man who lives unhappily in a valley until he meets an old man who lives on a peak, and it changes his work and life forever. Initially, the young man does not realize he is talking with one of the most peaceful and successful people in the world. However, through a series of conversations and experiences that occur up on peaks and down in valleys, the young man comes to make some startling discoveries. Eventually, he comes to understand how he can use the old man's principles and practical tools in good and bad times, and becomes more calm and successful himself.--From publisher description |
| 521 ## - TARGET AUDIENCE NOTE | |
| Target audience note | |
| 650 ## - SUBJECT ADDED ENTRY--TOPICAL TERM | |
| Topical term or geographic name as entry element | Success in business |
| 650 ## - SUBJECT ADDED ENTRY--TOPICAL TERM | |
| Topical term or geographic name as entry element | Success |
| 942 ## - ADDED ENTRY ELEMENTS (KOHA) | |
| Koha item type | Books |
| Source of classification or shelving scheme | Library of Congress Classification |
| Call number prefix | Foreign |
| Withdrawn status | Lost status | Source of classification or shelving scheme | Damaged status | Home library | Current library | Shelving location | Date acquired | Source of acquisition | Cost, normal purchase price | Total Checkouts | Total Renewals | Full call number | Barcode | Date last seen | Date checked out | Copy number | Price effective from | Koha item type |
|---|---|---|---|---|---|---|---|---|---|---|---|---|---|---|---|---|---|---|
| Library of Congress Classification | College Library | College Library | General Circulation Section | 10/18/2012 | 918.00 | 3 | 4 | HF 5386 .J644 2009 | C16409 | 05/15/2018 | 07/18/2016 | 1 | 10/10/2013 | Books |